[Event "85. Argentino Superior Absoluto 2010 "]
[Site "Buenos Aires ARG"]
[Date "2010.07.15"]
[Round "10.19"]
[White "Rasgido, Alejandro"]
[Black "Koch, Juan"]
[Result "1/2-1/2"]
[WhiteElo "1997"]
[BlackElo "2087"]
[PlyCount "79"]
[EventDate "2010.07.05"]
[EventType "swiss"]
[EventRounds "9"]
[EventCountry "ARG"]
[Source "lmi"]
[SourceDate "2010.07.05"]

1. b3 d5 2. Bb2 c5 3. e3 Nf6 4. Nf3 e6 5. Bb5+ Bd7 6. Qe2 a6 7. Bxd7+ Nbxd7 8.
Ne5 Bd6 9. f4 Qc7 10. Nxd7 Qxd7 11. g4 d4 12. c4 O-O-O 13. Na3 Qc6 14. O-O-O
Qe4 15. g5 Ne8 16. Rhf1 h6 17. Qf3 Qxf3 18. Rxf3 hxg5 19. fxg5 Rxh2 20. Rxf7
Rg2 21. exd4 cxd4 22. Re1 e5 23. c5 Bxc5 24. Rf5 Bb4 25. Nc4 Nd6 26. Nxd6+ Rxd6
27. Kb1 Bxd2 28. Rexe5 d3 29. Rc5+ Rc6 30. Rxc6+ bxc6 31. Rf1 g6 32. Rd1 Kc7
33. a4 c5 34. Be5+ Kc6 35. Bf6 Kd5 36. Bc3 Bxg5 37. Rxd3+ Ke4 38. Rd6 Be3 39.
Rxa6 Kd3 40. Bf6 1/2-1/2

[Event "85. Argentino Superior Absoluto 2010 "]
[Site "Buenos Aires ARG"]
[Date "2010.07.15"]
[Round "10.20"]
[White "Leeuw, Pablo"]
[Black "Ricciardi, Gabriel"]
[Result "1-0"]
[WhiteElo "2071"]
[BlackElo "1599"]
[PlyCount "33"]
[EventDate "2010.07.05"]
[EventType "swiss"]
[EventRounds "9"]
[EventCountry "ARG"]
[Source "lmi"]
[SourceDate "2010.07.05"]

1. e4 e5 2. Nf3 Nc6 3. Bb5 Bc5 4. O-O Nge7 5. c3 Bb6 6. d4 exd4 7. cxd4 d5 8.
exd5 Nxd5 9. Re1+ Be6 10. Bg5 Qd6 11. Nbd2 O-O 12. Nc4 Qb4 13. a4 a6 14. Bxc6
bxc6 15. Rc1 Bg4 16. Bd2 Bxf3 17. gxf3 1-0

[Event "85. Argentino Superior Absoluto 2010 "]
[Site "Buenos Aires ARG"]
[Date "2010.07.15"]
[Round "10.21"]
[White "Sanchez, Christian"]
[Black "Chavarria, Bily"]
[Result "0-1"]
[WhiteElo "2028"]
[BlackElo "1963"]
[PlyCount "94"]
[EventDate "2010.07.05"]
[EventType "swiss"]
[EventRounds "9"]
[EventCountry "ARG"]
[Source "lmi"]
[SourceDate "2010.07.05"]

1. e4 e5 2. Nf3 Nc6 3. Bb5 a6 4. Ba4 Nf6 5. Qe2 Be7 6. O-O d6 7. c3 b5 8. Bb3
O-O 9. d4 exd4 10. cxd4 Bg4 11. Rd1 Re8 12. h3 Bh5 13. Nc3 Na5 14. Bc2 Qc8 15.
a3 h6 16. Re1 Bf8 17. Bf4 c5 18. dxc5 Qxc5 19. Qd3 Qc4 20. Rad1 Rad8 21. g4 Bg6
22. Nh4 Bh7 23. Nf5 Qxd3 24. Bxd3 Bxf5 25. exf5 Rxe1+ 26. Rxe1 Nc4 27. Bc1 Ne5
28. Be2 d5 29. f4 Nc4 30. Bd3 Bc5+ 31. Kg2 d4 32. Ne2 Re8 33. Kf3 Nd5 34. h4
Nxb2 35. Be4 Nc3 36. Bxb2 Rxe4 37. Bc1 d3 38. Bd2 Rxe2 39. Bxc3 Rc2 40. Bb4 d2
41. Re8+ Kh7 42. Rd8 Bxb4 43. axb4 Rb2 44. Ke2 Rxb4 45. Kxd2 Rxf4 46. Rd7 g5
47. hxg5 hxg5 0-1

[Event "85. Argentino Superior Absoluto 2010 "]
[Site "Buenos Aires ARG"]
[Date "2010.07.15"]
[Round "10.24"]
[White "Ortega Morales, Javier"]
[Black "Mazzoleni, Julio"]
[Result "1-0"]
[WhiteElo "1963"]
[BlackElo "2123"]
[PlyCount "81"]
[EventDate "2010.07.05"]
[EventType "swiss"]
[EventRounds "9"]
[EventCountry "ARG"]
[Source "lmi"]
[SourceDate "2010.07.05"]

1. b4 e5 2. Bb2 Bxb4 3. Bxe5 Nf6 4. Nc3 Nc6 5. Bxf6 Qxf6 6. Nd5 Qd6 7. Nxb4
Nxb4 8. c3 Nc6 9. e4 O-O 10. d4 Re8 11. f3 b6 12. Bd3 Bb7 13. Ne2 Qh6 14. O-O
Re7 15. Ng3 g6 16. Qc2 Qe3+ 17. Kh1 Qf4 18. Ne2 Qh4 19. f4 Rae8 20. Ng3 f5 21.
exf5 Re3 22. Kg1 Rxg3 23. hxg3 Qxg3 24. fxg6 Re3 25. Qb3+ Re6 26. Rf3 Qg4 27.
Rf2 Na5 28. Qc2 hxg6 29. f5 Re3 30. fxg6 Qg3 31. Rd1 Bf3 32. Rdf1 Bd5 33. c4
Be6 34. d5 Rxd3 35. dxe6 dxe6 36. Rf8+ Kg7 37. Qb2+ e5 38. R1f7+ Kh6 39. Rh8+
Kg5 40. Qc1+ Kxg6 41. Qh6+ 1-0

[Event "85. Argentino Superior Absoluto 2010 "]
[Site "Buenos Aires ARG"]
[Date "2010.07.16"]
[Round "11.1"]
[White "Felgaer, Ruben"]
[Black "Mareco, Sandro"]
[Result "1-0"]
[WhiteElo "2584"]
[BlackElo "2527"]
[PlyCount "75"]
[EventDate "2010.07.05"]
[EventType "swiss"]
[EventRounds "9"]
[EventCountry "ARG"]
[Source "lmi"]
[SourceDate "2010.07.05"]

1. e4 c5 2. Nf3 d6 3. d4 cxd4 4. Nxd4 Nf6 5. Nc3 a6 6. Be2 e6 7. O-O Be7 8. a4
Nc6 9. Be3 O-O 10. f4 Qc7 11. Kh1 Re8 12. Bf3 Na5 13. Nde2 Nc4 14. Bc1 Bf8 15.
b3 Na5 16. g4 Nd7 17. Bb2 b6 18. Bg2 Bb7 19. g5 g6 20. Qd4 Qc5 21. Qd2 Rad8 22.
Nd1 d5 23. e5 h5 24. gxh6 Bxh6 25. Nd4 Qc7 26. Ne3 Nc6 27. Qf2 Ne7 28. Qh4 Bg7
29. Rf3 Nf5 30. Nexf5 exf5 31. Rc3 Qb8 32. Rh3 Nf8 33. Rg1 Rd7 34. Bf3 Qd8 35.
Rg5 f6 36. Rxg6 Nxg6 37. Qh7+ Kf7 38. Bh5 1-0

[Event "85. Argentino Superior Absoluto 2010 "]
[Site "Buenos Aires ARG"]
[Date "2010.07.16"]
[Round "11.2"]
[White "Ricardi, Pablo"]
[Black "Valerga, Diego"]
[Result "1/2-1/2"]
[WhiteElo "2512"]
[BlackElo "2506"]
[PlyCount "77"]
[EventDate "2010.07.05"]
[EventType "swiss"]
[EventRounds "9"]
[EventCountry "ARG"]
[Source "lmi"]
[SourceDate "2010.07.05"]

1. c4 e6 2. Nc3 d5 3. d4 Be7 4. Nf3 Nf6 5. Bg5 h6 6. Bxf6 Bxf6 7. e3 O-O 8. Rc1
c6 9. Bd3 Nd7 10. O-O dxc4 11. Bxc4 e5 12. d5 Nb6 13. Bb3 e4 14. Nxe4 Bxb2 15.
Rc2 cxd5 16. Bxd5 Ba3 17. Nc3 Nxd5 18. Nxd5 Qa5 19. e4 Be6 20. Ne5 Rad8 21. Nc4
Qa4 22. Nxa3 Qxa3 23. Rd2 Qa5 24. Rd4 Bxd5 25. exd5 Qxa2 26. d6 Rd7 27. Qf3 Qe6
28. Rfd1 Rfd8 29. Qa3 b6 30. h3 a5 31. Rd5 Qe4 32. Qb2 Qb4 33. Qe5 a4 34. Rb5
Qc4 35. Rxb6 a3 36. Ra1 Qd3 37. Qa5 Rxd6 38. Rxd6 Qxd6 39. Qxa3 1/2-1/2

[Event "85. Argentino Superior Absoluto 2010 "]
[Site "Buenos Aires ARG"]
[Date "2010.07.16"]
[Round "11.3"]
[White "Iermito, Sebastian"]
[Black "Slipak, Sergio"]
[Result "1/2-1/2"]
[WhiteElo "2457"]
[BlackElo "2440"]
[PlyCount "77"]
[EventDate "2010.07.05"]
[EventType "swiss"]
[EventRounds "9"]
[EventCountry "ARG"]
[Source "lmi"]
[SourceDate "2010.07.05"]

1. e4 e5 2. Nf3 Nc6 3. Bb5 Nf6 4. d3 d6 5. c3 Bd7 6. O-O g6 7. Bg5 Bg7 8. Re1
h6 9. Bh4 O-O 10. Nbd2 a6 11. Ba4 b5 12. Bc2 Re8 13. Nf1 a5 14. a4 b4 15. Ne3
Qb8 16. Bb3 bxc3 17. bxc3 Qa7 18. Bc4 Rab8 19. Bxf6 Bxf6 20. Nd5 Bg7 21. Bb5
Rb7 22. h4 Nb8 23. Bxd7 Nxd7 24. h5 c6 25. Ne3 Nf6 26. hxg6 fxg6 27. Qc2 Kh7
28. Qe2 Rd7 29. Rab1 d5 30. exd5 cxd5 31. d4 exd4 32. cxd4 Re4 33. Rb5 Ng4 34.
Nxg4 Rxg4 35. Ne5 Bxe5 36. Qxe5 Re4 37. Rxe4 dxe4 38. Qxe4 Qxd4 39. Rd5 1/2-1/2

[Event "85. Argentino Superior Absoluto 2010 "]
[Site "Buenos Aires ARG"]
[Date "2010.07.16"]
[Round "11.4"]
[White "Pierrot, Facundo"]
[Black "Julia, Ernesto"]
[Result "0-1"]
[WhiteElo "2431"]
[BlackElo "2378"]
[PlyCount "92"]
[EventDate "2010.07.05"]
[EventType "swiss"]
[EventRounds "9"]
[EventCountry "ARG"]
[Source "lmi"]
[SourceDate "2010.07.05"]

1. e4 c5 2. Nf3 e6 3. d4 cxd4 4. Nxd4 Nf6 5. Nc3 d6 6. Be2 a6 7. O-O Nbd7 8. f4
b5 9. Bf3 Bb7 10. e5 Bxf3 11. Nxf3 Ng4 12. Qe2 Qb6+ 13. Kh1 b4 14. Ne4 d5 15.
Ng3 h5 16. Ng5 g6 17. a3 b3 18. cxb3 Qxb3 19. Rf3 Qb6 20. Be3 Qb5 21. Qxb5 axb5
22. Rc1 Be7 23. Nh3 b4 24. axb4 Bxb4 25. Bd4 Ke7 26. Nf2 Rhc8 27. Rd1 Nxf2+ 28.
Rxf2 Rab8 29. Nf1 Nc5 30. Re2 Ne4 31. Ng3 Nc5 32. Nf1 Nb3 33. Bf2 Bc5 34. Be1
Nd4 35. Red2 Nf5 36. Rc2 Ne3 37. Nxe3 Bxe3 38. Rxc8 Rxc8 39. g3 Rc2 40. Bc3 Kd7
41. Rd3 Bb6 42. h3 Kc6 43. g4 hxg4 44. hxg4 Kb5 45. b3 Ba5 46. Bd4 Rd2 0-1

[Event "85. Argentino Superior Absoluto 2010 "]
[Site "Buenos Aires ARG"]
[Date "2010.07.16"]
[Round "11.5"]
[White "Quiroga, Facundo"]
[Black "Spata, German"]
[Result "1-0"]
[WhiteElo "2340"]
[BlackElo "2286"]
[PlyCount "57"]
[EventDate "2010.07.05"]
[EventType "swiss"]
[EventRounds "9"]
[EventCountry "ARG"]
[Source "lmi"]
[SourceDate "2010.07.05"]

1. Nf3 e6 2. g3 d5 3. Bg2 Bd6 4. O-O c6 5. d3 Nf6 6. Nbd2 O-O 7. e4 e5 8. h3
dxe4 9. dxe4 b5 10. a4 Qe7 11. Re1 Rd8 12. Qe2 b4 13. Bf1 Bc5 14. Nh4 g6 15.
Nb3 Bd6 16. Bg5 Nbd7 17. Na5 Nb8 18. Rad1 Bc7 19. Nc4 Nbd7 20. Qe3 Bb7 21. Qf3
Qe6 22. Ne3 c5 23. Bc4 Bxe4 24. Qxe4 Nxe4 25. Bxe6 Nxg5 26. Bxd7 Kg7 27. Kg2 f5
28. Nc4 Ne4 29. Bc6 1-0

[Event "85. Argentino Superior Absoluto 2010 "]
[Site "Buenos Aires ARG"]
[Date "2010.07.16"]
[Round "11.6"]
[White "Alonso, Salvador"]
[Black "Peralta, Fernando"]
[Result "1/2-1/2"]
[WhiteElo "2490"]
[BlackElo "2570"]
[PlyCount "60"]
[EventDate "2010.07.05"]
[EventType "swiss"]
[EventRounds "9"]
[EventCountry "ARG"]
[Source "lmi"]
[SourceDate "2010.07.05"]

1. e4 c6 2. d4 d5 3. Nd2 dxe4 4. Nxe4 Bf5 5. Ng3 Bg6 6. h4 h6 7. Nf3 e6 8. h5
Bh7 9. Bd3 Bxd3 10. Qxd3 Nf6 11. Bf4 Qa5+ 12. Bd2 Bb4 13. c3 Bd6 14. c4 Bb4 15.
a3 Bxd2+ 16. Qxd2 Qc7 17. O-O-O Nbd7 18. Kb1 O-O 19. Qe2 b5 20. Rc1 b4 21. axb4
Rfb8 22. b5 c5 23. dxc5 Qxc5 24. Ne4 Nxe4 25. Qxe4 a6 26. Rhd1 Nf6 27. Qe5 Qa7
28. Qd4 Qc7 29. Qd6 Qa7 30. Qd4 Qc7 1/2-1/2

[Event "85. Argentino Superior Absoluto 2010 "]
[Site "Buenos Aires ARG"]
[Date "2010.07.16"]
[Round "11.7"]
[White "Dos Santos, Ramiro"]
[Black "Garbarino, Rodolfo"]
[Result "1-0"]
[WhiteElo "2442"]
[BlackElo "2350"]
[PlyCount "61"]
[EventDate "2010.07.05"]
[EventType "swiss"]
[EventRounds "9"]
[EventCountry "ARG"]
[Source "lmi"]
[SourceDate "2010.07.05"]

1. e4 Nc6 2. Nf3 Nf6 3. e5 Nd5 4. d4 d6 5. c4 Nb6 6. e6 fxe6 7. Be3 g6 8. h4 e5
9. d5 Nb4 10. a3 Na6 11. Ng5 Bg7 12. Bd3 e4 13. Bxe4 O-O 14. Nd2 Nc5 15. Bc2 e6
16. b4 Nca4 17. dxe6 Qf6 18. Rc1 Nc3 19. Nxh7 Qe5 20. Qg4 Bxe6 21. Qxg6 Nxc4
22. Nxf8 Rxf8 23. Nxc4 Bxc4 24. Rh3 Na2 25. Qh7+ Kf7 26. Bg6+ Ke7 27. Rxc4 Qa1+
28. Ke2 Rd8 29. Qxg7+ Qxg7 30. Rxc7+ Kf8 31. Rxg7 1-0

[Event "85. Argentino Superior Absoluto 2010 "]
[Site "Buenos Aires ARG"]
[Date "2010.07.16"]
[Round "11.8"]
[White "Virgillito, Cristian"]
[Black "Tristan, Leonardo"]
[Result "0-1"]
[WhiteElo "2238"]
[BlackElo "2393"]
[PlyCount "60"]
[EventDate "2010.07.05"]
[EventType "swiss"]
[EventRounds "9"]
[EventCountry "ARG"]
[Source "lmi"]
[SourceDate "2010.07.05"]

1. e4 d6 2. d4 g6 3. Nc3 Bg7 4. Nf3 e6 5. Be2 Ne7 6. Be3 b6 7. Qd2 h6 8. O-O
Bb7 9. Ne1 Nd7 10. Rd1 d5 11. exd5 exd5 12. Bf3 Nf6 13. Nd3 Ne4 14. Bxe4 dxe4
15. Nf4 Nf5 16. d5 Qe7 17. Rfe1 O-O-O 18. a4 b5 19. Bxa7 Qb4 20. Nxe4 Qxd2 21.
Rxd2 g5 22. Nh5 Bxb2 23. c3 Ba3 24. Bc5 Bxc5 25. Nxc5 Rxd5 26. Rxd5 Bxd5 27.
Re5 Rd8 28. f3 Nh4 29. Re7 Bc4 30. Nf6 Rd1+ 0-1

[Event "85. Argentino Superior Absoluto 2010 "]
[Site "Buenos Aires ARG"]
[Date "2010.07.16"]
[Round "11.9"]
[White "Garcia, Raimundo"]
[Black "Sanhueza, Cristian"]
[Result "1-0"]
[WhiteElo "2314"]
[BlackElo "2199"]
[PlyCount "99"]
[EventDate "2010.07.05"]
[EventType "swiss"]
[EventRounds "9"]
[EventCountry "ARG"]
[Source "lmi"]
[SourceDate "2010.07.05"]

1. Nf3 Nf6 2. c4 g6 3. g3 Bg7 4. Bg2 O-O 5. O-O d6 6. d4 Nc6 7. d5 Na5 8. Nfd2
c5 9. a3 b6 10. b4 Nb7 11. Bb2 Bd7 12. b5 a6 13. a4 Ng4 14. Bxg7 Kxg7 15. Na3
Na5 16. Qc2 axb5 17. cxb5 e6 18. Nac4 Nxc4 19. Nxc4 Qc7 20. a5 bxa5 21. b6 Qb8
22. Rfb1 exd5 23. Bxd5 Ra6 24. Rxa5 Rxa5 25. Nxa5 Kg8 26. Qc3 Re8 27. e4 Be6
28. Bc6 Rf8 29. Qb2 Ne5 30. b7 Nd3 31. Qb6 Nb4 32. Bb5 Bc8 33. Ba6 Bd7 34. Rd1
Re8 35. Qxd6 Qxd6 36. Rxd6 Ba4 37. Bc4 Kg7 38. Rb6 Rb8 39. Bb5 Bc2 40. Nc6 Nxc6
41. Bxc6 Bd3 42. Rb3 Ba6 43. Rb6 Bd3 44. f3 Kf8 45. Kf2 Ke7 46. Ke3 c4 47. Kd4
Kd8 48. Bd5 Kc7 49. Rc6+ Kd7 50. Rf6 1-0

[Event "85. Argentino Superior Absoluto 2010 "]
[Site "Buenos Aires ARG"]
[Date "2010.07.16"]
[Round "11.12"]
[White "Barrionuevo, Pablo"]
[Black "Valli, Americo"]
[Result "1-0"]
[WhiteElo "2337"]
[BlackElo "1972"]
[PlyCount "65"]
[EventDate "2010.07.05"]
[EventType "swiss"]
[EventRounds "9"]
[EventCountry "ARG"]
[Source "lmi"]
[SourceDate "2010.07.05"]

1. d4 c6 2. c4 Nf6 3. Nc3 d5 4. Nf3 g6 5. e3 Bg7 6. Be2 dxc4 7. Bxc4 O-O 8. O-O
Bg4 9. h3 Bxf3 10. Qxf3 Nbd7 11. Rd1 b5 12. Bb3 Qb6 13. e4 b4 14. Na4 Qb5 15.
Be3 e5 16. Rac1 Rae8 17. d5 cxd5 18. exd5 e4 19. Qg3 Ne5 20. Bxa7 Bh6 21. Rc7
Nh5 22. Qh4 Qe2 23. Nc5 Bf4 24. Nd7 Nf3+ 25. gxf3 exf3 26. Nf6+ Kh8 27. Nxe8
Rxe8 28. Bd4+ Kg8 29. Rcc1 Qe4 30. Qg4 Ng3 31. fxg3 Qe2 32. gxf4 h5 33. Qg3 1-0

[Event "85. Argentino Superior Absoluto 2010 "]
[Site "Buenos Aires ARG"]
[Date "2010.07.16"]
[Round "11.13"]
[White "Gimenez, Santiago"]
[Black "Leeuw, Pablo"]
[Result "1-0"]
[WhiteElo "2253"]
[BlackElo "2071"]
[PlyCount "85"]
[EventDate "2010.07.05"]
[EventType "swiss"]
[EventRounds "9"]
[EventCountry "ARG"]
[Source "lmi"]
[SourceDate "2010.07.05"]

1. Nf3 e6 2. g3 f5 3. Bg2 Nf6 4. c4 d5 5. O-O Bd6 6. d3 O-O 7. Nc3 c6 8. cxd5
exd5 9. e4 Bb4 10. exd5 cxd5 11. Qb3 Nc6 12. Be3 a5 13. Nd4 Bxc3 14. bxc3 a4
15. Qa3 Qa5 16. Rab1 Qa6 17. Rfd1 Bd7 18. Nb5 Ne5 19. Nc7 Qc6 20. Nxa8 Rxa8 21.
Bd4 Re8 22. Qc5 Qxc5 23. Bxc5 Bc6 24. Bd4 Kf7 25. Bxe5 Rxe5 26. Re1 Nd7 27. f4
Re6 28. Rxe6 Kxe6 29. Kf2 Kd6 30. Bf1 Nc5 31. Ke3 g6 32. Be2 h5 33. Bf1 a3 34.
Rb4 Na4 35. Rb3 Nb2 36. Rxa3 Ba4 37. Kd2 b5 38. Rb3 Bxb3 39. axb3 d4 40. Be2
Kc5 41. Kc2 dxc3 42. Kxc3 b4+ 43. Kxb2 1-0

[Event "85. Argentino Superior Absoluto 2010 "]
[Site "Buenos Aires ARG"]
[Date "2010.07.16"]
[Round "11.14"]
[White "Martinez de Negri, Gonzalo"]
[Black "Lopez, Ricardo"]
[Result "1/2-1/2"]
[WhiteElo "2069"]
[BlackElo "2187"]
[PlyCount "147"]
[EventDate "2010.07.05"]
[EventType "swiss"]
[EventRounds "9"]
[EventCountry "ARG"]
[Source "lmi"]
[SourceDate "2010.07.05"]

1. e4 c5 2. Nf3 Nc6 3. d4 cxd4 4. Nxd4 g6 5. c4 Bg7 6. Be3 Nf6 7. Nc3 Ng4 8.
Qxg4 Nxd4 9. Qd1 Ne6 10. Rc1 b6 11. Bd3 Nc5 12. O-O Bb7 13. b4 Nxd3 14. Qxd3
O-O 15. Bd4 d6 16. Nd5 Rc8 17. Rfd1 Bxd5 18. exd5 Qd7 19. Bxg7 Kxg7 20. Qd4+
Kg8 21. Re1 Rc7 22. Rc3 Rfc8 23. Ree3 Qf5 24. Red3 Qe5 25. Kf1 Qxd4 26. Rxd4 b5
27. Ke2 bxc4 28. Kd2 Kf8 29. Rh3 h5 30. Kc3 a5 31. b5 Rc5 32. a4 Ke8 33. Rhh4
Kd7 34. Rhf4 Rf8 35. Rd2 f5 36. Rxc4 Rfc8 37. Rdd4 g5 38. h3 R8c7 39. g3 Rc8
40. Kb3 R8c7 41. Kc3 Rc8 42. Kd3 R8c7 43. f3 Rc8 44. g4 fxg4 45. fxg4 hxg4 46.
hxg4 Rf8 47. Ke2 Rh8 48. Kf3 Rf8+ 49. Ke3 Rf1 50. Ke2 Rf8 51. Rxc5 dxc5 52. Re4
Kd6 53. Re6+ Kxd5 54. Rxe7 Rf4 55. Rd7+ Ke6 56. Rg7 Rxg4 57. b6 Rxa4 58. Rxg5
Kd6 59. Rg6+ Kd5 60. Kd3 Rb4 61. Kc3 Rb1 62. Kc2 Rb5 63. Kc3 a4 64. Rg4 Rb3+
65. Kc2 c4 66. Rg5+ Kd4 67. Ra5 a3 68. b7 Rb2+ 69. Kc1 Rxb7 70. Rxa3 Rh7 71.
Rg3 Rh1+ 72. Kc2 Rh2+ 73. Kc1 c3 74. Rg8 1/2-1/2

[Event "85. Argentino Superior Absoluto 2010 "]
[Site "Buenos Aires ARG"]
[Date "2010.07.16"]
[Round "11.15"]
[White "Fiori, Alberto Nicolas"]
[Black "Giuliani, German"]
[Result "1-0"]
[WhiteElo "2166"]
[BlackElo "1864"]
[PlyCount "63"]
[EventDate "2010.07.05"]
[EventType "swiss"]
[EventRounds "9"]
[EventCountry "ARG"]
[Source "lmi"]
[SourceDate "2010.07.05"]

1. e4 g5 2. d4 h6 3. Bc4 Nf6 4. Nc3 d6 5. Qe2 c5 6. dxc5 Nc6 7. cxd6 Qxd6 8.
Nb5 Qb8 9. Be3 Ne5 10. O-O-O Bg7 11. h4 Bg4 12. f3 Nxe4 13. Bxa7 Ng3 14. Bxb8
Nxe2+ 15. Bxe2 Rxb8 16. fxg4 Bf6 17. Nc7+ Kf8 18. Nd5 Kg7 19. Nxf6 Kxf6 20. Nh3
Ra8 21. Kb1 Ra4 22. a3 gxh4 23. Nf2 Ng6 24. Rhf1 Kg7 25. Rd7 Rb8 26. Bd3 b5 27.
Bxg6 Kxg6 28. Rxe7 Rf4 29. Re4 Rf6 30. Ree1 Rf4 31. Nd3 Rxg4 32. Ne5+ 1-0

[Event "85. Argentino Superior Absoluto 2010 "]
[Site "Buenos Aires ARG"]
[Date "2010.07.16"]
[Round "11.18"]
[White "Chavarria, Bily"]
[Black "Rasgido, Alejandro"]
[Result "0-1"]
[WhiteElo "1963"]
[BlackElo "1997"]
[PlyCount "90"]
[EventDate "2010.07.05"]
[EventType "swiss"]
[EventRounds "9"]
[EventCountry "ARG"]
[Source "lmi"]
[SourceDate "2010.07.05"]

1. d4 d5 2. c4 c6 3. Nf3 Nf6 4. Nc3 Qb6 5. e3 Bg4 6. h3 Bxf3 7. Qxf3 e6 8. c5
Qc7 9. b4 Nbd7 10. Bb2 b6 11. Qg3 Qxg3 12. fxg3 bxc5 13. bxc5 Rb8 14. Rb1 Ne4
15. Nxe4 dxe4 16. Bc4 Rb4 17. Bb3 Be7 18. Bc3 Rb8 19. Kf2 Nf6 20. d5 exd5 21.
Bxf6 Bxf6 22. Bxd5 Kd7 23. Bxe4 Be7 24. Bf5+ Kc7 25. Rhd1 Rxb1 26. Rd7+ Kb8 27.
Bxb1 Re8 28. Bxh7 Bxc5 29. Rxf7 Rxe3 30. Kf1 Bd6 31. Rxg7 Bxg3 32. Rxg3 Rxg3
33. Kf2 Rg7 34. Be4 Kc7 35. g4 Kd6 36. Kg3 c5 37. h4 Ke5 38. Bc2 c4 39. g5 c3
40. g6 Kf6 41. Kf4 Rg8 42. h5 Rh8 43. Kg4 Rd8 44. h6 Rd2 45. Bb3 Kxg6 0-1

[Event "85. Argentino Superior Absoluto 2010 "]
[Site "Buenos Aires ARG"]
[Date "2010.07.16"]
[Round "11.22"]
[White "Asad, Jonathan"]
[Black "Sanchez, Christian"]
[Result "0-1"]
[WhiteElo "1702"]
[BlackElo "2028"]
[PlyCount "106"]
[EventDate "2010.07.05"]
[EventType "swiss"]
[EventRounds "9"]
[EventCountry "ARG"]
[Source "lmi"]
[SourceDate "2010.07.05"]

1. e4 e6 2. d4 d5 3. Nc3 Bb4 4. exd5 exd5 5. Nf3 Ne7 6. a3 Bxc3+ 7. bxc3 O-O 8.
Bd3 Bf5 9. O-O Nbc6 10. Bg5 Qd6 11. Re1 Bxd3 12. Qxd3 Ng6 13. Rab1 h6 14. Bc1
b6 15. c4 Rae8 16. cxd5 Rxe1+ 17. Nxe1 Qxd5 18. Nf3 Re8 19. c4 Qe4 20. Qxe4
Rxe4 21. Be3 Na5 22. Nd2 Re8 23. Rb5 Rd8 24. Kf1 Ne7 25. Ke2 Nec6 26. d5 a6 27.
Rb1 Ne5 28. Rc1 f6 29. Bf4 Re8 30. Bxe5 Rxe5+ 31. Kd3 Nb7 32. Nb3 a5 33. a4 Kf7
34. f3 Ke8 35. Kd2 Kd7 36. Re1 Kd6 37. Rxe5 Kxe5 38. Ke3 g5 39. g3 Kd6 40. Kd4
f5 41. g4 Nc5 42. Nxc5 bxc5+ 43. Ke3 Ke5 44. h3 Kf6 45. f4 Kg6 46. Kf3 Kf6 47.
Kg3 Kg6 48. h4 gxh4+ 49. Kxh4 fxg4 50. Kxg4 Kf6 51. Kh5 Kf5 52. Kxh6 Kxf4 53.
Kg6 Ke5 0-1

[Event "85. Argentino Superior Absoluto 2010 "]
[Site "Buenos Aires ARG"]
[Date "2010.07.16"]
[Round "11.23"]
[White "Ligato, Guillermo Fe"]
[Black "Ortega Morales, Javier"]
[Result "0-1"]
[WhiteElo "1944"]
[BlackElo "1963"]
[PlyCount "52"]
[EventDate "2010.07.05"]
[EventType "swiss"]
[EventRounds "9"]
[EventCountry "ARG"]
[Source "lmi"]
[SourceDate "2010.07.05"]

1. e4 d5 2. exd5 Qxd5 3. Nc3 Qa5 4. d4 c6 5. Rb1 Qc7 6. g3 Nf6 7. Bf4 Qd8 8.
Bg2 Bf5 9. Nf3 h6 10. O-O e6 11. Re1 Be7 12. Qe2 O-O 13. d5 cxd5 14. Nd4 Bg4
15. Qe3 Nc6 16. Nxc6 bxc6 17. h3 Bf5 18. Rbd1 Qb6 19. Qd2 Qxb2 20. g4 Bh7 21.
Rb1 Qxc2 22. Qe3 Qd3 23. Qc1 Qa6 24. Rb3 Rac8 25. g5 hxg5 26. Be3 c5 0-1